Riesgo, incertidumbre y beneficio (Registro nro. 5361)

Detalles MARC
000 -LEADER
fixed length control field 01397 a2200193 4500
001 - CONTROL NUMBER
control field 54114
005 - DATE AND TIME OF LATEST TRANSACTION
control field 20260407155812.0
008 - FIXED-LENGTH DATA ELEMENTS--GENERAL INFORMATION
fixed length control field 260407a1947 arg spa d
003 - CONTROL NUMBER IDENTIFIER
control field AR-UNSa-BCEJYS
040 ## - CATALOGING SOURCE
Original cataloging agency AR-UNSa-BCEJYS
Language of cataloging spa
Transcribing agency AR-UNSa-BCEJYS
080 ## - UNIVERSAL DECIMAL CLASSIFICATION NUMBER
Universal Decimal Classification number 330
Common auxiliary subdivision Economía en general
100 1# - MAIN ENTRY--PERSONAL NAME
Personal name Knight, Frank H.
245 10 - TITLE STATEMENT
Title Riesgo, incertidumbre y beneficio
264 #1 - PRODUCTION, PUBLICATION, DISTRIBUTION, MANUFACTURE, AND COPYRIGHT NOTICE
Place of production, publication, distribution, manufacture Madrid :
Name of producer, publisher, distributor, manufacturer Aguilar
Date of production, publication, distribution, manufacture, or copyright notice 1947
300 ## - PHYSICAL DESCRIPTION
Extent 342 p.
Dimensions 22 cm.
505 ## - FORMATTED CONTENTS NOTE
Formatted contents note Primera parte: Introducción - I. Puesto que ocupan el beneficio y la incertidumbre en la teoría económica - II. Teorías del beneficio.La variación y el riesgo en relación con el beneficio - Segunda parte: La competencia perfecta - III. La teoría de la elección y del cambio - IV. Producción conjunta y capitalización - V. La variación y el progreso cuando no existe la incertidumbre - VI. Requisitos previos de importancia secundaria para la competencia perfecta - Tercera parte: La competencia imperfecta debida al riesgo y la incertidumbre - VII. El significado del riesgo y de la incertidumbre - VIII. Estructuras y métodos para el estudio de la incertidumbre - IX. La empresa y el beneficio - X. La empresa y el beneficio (continuación).El director asalariado - XI. La incertidumbre y el progreso social - XII. Los aspectos sociales de la incertidumbre y del beneficio
590 ## - LOCAL NOTE (RLIN)
Local note niveau_biblio:m niveau_hierar:0
942 ## - ADDED ENTRY ELEMENTS (KOHA)
Koha item type
Existencias
Withdrawn status Lost status Damaged status Not for loan Home library Current library Shelving location Date acquired Total checkouts Full call number Barcode Date last seen Price effective from Koha item type
        Biblioteca Prof. Eusebio Cleto del Rey Biblioteca Prof. Eusebio Cleto del Rey   07/04/2026   330 K69 L20281 07/04/2026 07/04/2026 Libro